Aritmética y álgebra (Registro nro. 28961)

Detalles MARC
000 -LÍDER
fixed length control field 00639nam a22002177a 4500
003 - IDENTIFICADOR DEL NÚMERO DE CONTROL
control field ITZ
005 - FECHA Y HORA DE LA ULTIMA TRANSACCIÓN
Campo de control 20230321151406.0
008 - ELEMENTOS DE LONGITUD FIJA -- INFORMACIÓN GENERAL
fixed length control field 230321b |||||||| |||| 00| 0 spa d
020 ## - NÚMERO INTERNACIONAL NORMALIZADO PARA LIBROS
ISBN 978-607-15-0895-9
035 ## - Número de ficha (Janium)
Número de ficha (Janium) 17330
041 ## - CÓDIGO DE IDIOMA
Código de idioma para texto/pista de sonido o título separado spa
050 ## - SIGNATURA TOPOGRAFICA DE LA BIBLIOTECA DEL CONGRESO (LC)
Número de Clasificación QA107
Cutter F84 2014
082 ## - NUMERO DE CLASIFICACION DECIMAL DEWEY
Número de Clasificación 513.12
Cutter F954a 2014
100 1# - ASIENTO PRINCIPAL--NOMBRE PERSONAL
Nombre personal Fuenlabrada de la Vega Trucios, Samuel
245 ## - TÍTULO
Título Aritmética y álgebra
Mención de responsabilidad, etc. Samuel Fuenlabrada de la Vega Trucios
250 ## - MENCIÓN DE EDICIÓN
Mención de edición 4 ed.
260 ## - PUBLICACIÓN, DISTRIBUCIÓN, ETC. (PIE DE IMPRENTA)
Lugar de publicación, distribución, etc. México:
Nombre del editor, distribuidor, etc. Mc Graw Hill,
Fecha de publicación, distribución, etc. 2014
300 ## - DESCRIPCIÓN FÍSICA
Extensión 422 p. ;
Dimensiones 27 cm.
650 ## - ASIENTO SECUNDARIO DE MATERIA - TERMINO TEMÁTICO
Término temático o nombre geográfico como elemento de entrada 1. ARITMÉTICA - ESTUDIO Y ENSEÑANZA / 2. ALGEBRA - ESTUDIO Y ENSEÑANZA
942 ## - TIPO DE MATERIAL (KOHA)
Koha item type Libros
Existencias
No. biblioteca No. biblioteca Número de clasificación Código de barras/Número de adquisición Número de copia Tipo de material Otras carreras
ÁREA DE BÁSICAS LUIS G. INCLAN 513.12 F954a 2014 53815 1 Libros LUIS G. INCLAN
Calzada Tecnológico # 27, Zacatepec, Morelos.
01(734) 343-07-23 / 343-21-10 / 343-21-11
Apdo. Postal 45 C.P 62780